[Event "DEM U10 2016"]
[Site "Willingen GER"]
[Date "2016.05.20"]
[Round "10"]
[White "Strehse, Nelson"]
[Black "Neuber, Pascal"]
[Result "0-1"]
[Termination "normal"]
[Board "15"]
[WhiteElo "1354"]
[BlackElo "1309"]
[PlyCount "148"]
[WhiteFideId "16228898"]
[BlackFideId "16227611"]
[EventCountry "GER"]
[EventRounds "11"]
[EventType "swiss"]
[EventDate "2016.05.14"]

1. e4 e5 2. Nf3 Nc6 3. Bc4 Bc5 4. b4 Bxb4 5. c3 Be7 6. d4 exd4 7. cxd4 Nf6 8.
e5 Ne4 9. Qd3 d5 10. exd6 Nxd6 11. O-O Nxc4 12. Qxc4 Be6 13. Qb5 Bd5 14. Ne5
O-O 15. Rd1 Rb8 16. Qd3 Bf6 17. Qg3 Qd6 18. Ba3 Nb4 19. Nd3 Qxg3 20. hxg3 Nc2
21. Bxf8 Nxa1 22. Bb4 Nc2 23. a3 Nxd4 24. Bc5 b6 25. Bxd4 Bxd4 26. Nb4 Be4 27.
Rxd4 Bxb1 28. Na6 Rc8 29. Nxc7 g6 30. Nb5 a6 31. Na7 Rc3 32. Rb4 Bf5 33. Rxb6
Rxa3 34. Rb8+ Kg7 35. Ra8 Bd3 36. Nc6 Be4 37. Rc8 a5 38. Ne5 a4 39. Rc7 Ra1+
40. Kh2 Bd5 41. Ra7 a3 42. Nd3 a2 43. Nb4 Rb1 44. Nxd5 a1=Q 45. Rxa1 Rxa1 46.
g4 Ra3 47. f3 Ra5 48. Nc3 h5 49. gxh5 Rxh5+ 50. Kg3 g5 51. Ne4 f5 52. Nd6 Kf6
53. Ne8+ Ke5 54. Ng7 Rh8 55. Kf2 Kf6 56. Nxf5 Kxf5 57. Ke3 g4 58. fxg4+ Kxg4
59. Kf2 Rh2 60. Ke3 Rxg2 61. Ke4 Re2+ 62. Kd4 Kf4 63. Kd5 Re1 64. Kd6 Kf5 65.
Kc6 Rd1 66. Kc5 Ke4 67. Kc6 Ke5 68. Kc7 Ke6 69. Kc8 Rd7 70. Kb8 Rh7 71. Ka8 Kd6
72. Kb8 Kc6 73. Ka8 Kb6 74. Kb8 Rh8# 0-1

[Event "DEM U10 2016"]
[Site "Willingen GER"]
[Date "2016.05.20"]
[Round "10"]
[White "May, Ben-Iven"]
[Black "Schlie, Johann"]
[Result "1-0"]
[Termination "normal"]
[Board "16"]
[WhiteElo "1330"]
[BlackElo "1244"]
[PlyCount "57"]
[WhiteFideId "16229673"]
[BlackFideId "16211596"]
[EventCountry "GER"]
[EventRounds "11"]
[EventType "swiss"]
[EventDate "2016.05.14"]

1. e4 d5 2. exd5 Qxd5 3. Nc3 Qa5 4. d4 Nf6 5. Nf3 Bg4 6. h3 Bh5 7. g4 Bg6 8.
Bd2 Qb6 9. Na4 Qd6 10. Bg2 c6 11. Qe2 Bxc2 12. Nc5 Qc7 13. Ng5 Bg6 14. f4 h6
15. Nge4 e6 16. Nxf6+ gxf6 17. Ne4 Nd7 18. Rc1 O-O-O 19. b4 b5 20. a4 a6 21.
axb5 axb5 22. Nxf6 Kb8 23. Rxc6 Qb7 24. Rxe6 Qa7 25. Qxb5+ Kc8 26. Rc6+ Qc7 27.
Rxc7+ Kxc7 28. Qc6+ Kb8 29. Qb7# 1-0

[Event "DEM U10 2016"]
[Site "Willingen GER"]
[Date "2016.05.20"]
[Round "10"]
[White "Kodalle, Dominik"]
[Black "Müller, Linus"]
[Result "0-1"]
[Termination "normal"]
[Board "17"]
[WhiteElo "1399"]
[BlackElo "1077"]
[PlyCount "88"]
[WhiteFideId "16208722"]
[BlackFideId "16245946"]
[EventCountry "GER"]
[EventRounds "11"]
[EventType "swiss"]
[EventDate "2016.05.14"]

1. e4 c5 2. Nf3 Nc6 3. d4 cxd4 4. Nxd4 g6 5. c4 Bg7 6. Be3 Nf6 7. Nc3 O-O 8. f3
d6 9. Qd2 Bd7 10. g4 Ne5 11. Be2 Rc8 12. b3 a5 13. h4 a4 14. h5 Qa5 15. Rb1
axb3 16. axb3 Nc6 17. hxg6 fxg6 18. Nxc6 Bxc6 19. Nd5 Qxd2+ 20. Bxd2 Nxd5 21.
exd5 Bd7 22. Bg5 e5 23. Be7 Rfe8 24. Bxd6 e4 25. f4 Ra8 26. Rf1 Ra2 27. f5 Bc3+
28. Kf2 Bd4+ 29. Ke1 Bc3+ 30. Kd1 Rd2+ 31. Ke1 Rxd5+ 32. Kf2 Rxd6 33. fxg6 Rf8+
34. Kg1 Rxf1+ 35. Rxf1 Rxg6 36. Rf4 Bd4+ 37. Kg2 Bc6 38. Kf1 Rf6 39. Rxf6 Bxf6
40. b4 Kf7 41. b5 Bd7 42. Kg2 Ke6 43. Kg3 Ke5 44. Kf2 Kf4 0-1

[Event "DEM U10 2016"]
[Site "Willingen GER"]
[Date "2016.05.20"]
[Round "10"]
[White "Bakiyev, Diyar"]
[Black "Bungarten, Jona"]
[Result "0-1"]
[Termination "normal"]
[Board "18"]
[WhiteElo "1027"]
[BlackElo "1466"]
[PlyCount "90"]
[WhiteFideId "16230531"]
[BlackFideId "16223608"]
[EventCountry "GER"]
[EventRounds "11"]
[EventType "swiss"]
[EventDate "2016.05.14"]

1. e4 e5 2. Nf3 Nc6 3. Bc4 Nf6 4. d3 Be7 5. Bg5 O-O 6. O-O d6 7. Nbd2 Na5 8. h3
Nxc4 9. Nxc4 Be6 10. Na5 c6 11. Nxb7 Qb6 12. Bxf6 gxf6 13. Nxd6 Bxd6 14. b3
Rfe8 15. Qd2 Kf8 16. Qh6+ Ke7 17. c3 Qc5 18. Rac1 Qa3 19. Rc2 c5 20. d4 cxd4
21. cxd4 Rac8 22. Rfc1 Rxc2 23. Rxc2 Rc8 24. Rxc8 Bxc8 25. Qxh7 Qxa2 26. dxe5
fxe5 27. Qh5 Qb1+ 28. Kh2 Qxe4 29. Qg5+ Kd7 30. Kh1 Qb1+ 31. Kh2 e4+ 32. Ne5+
Kc7 33. g3 Qxb3 34. Qg7 Be6 35. h4 Qb2 36. Qg5 Qxe5 37. Qc1+ Qc5 38. Qd2 a5 39.
Qd1 Qxf2+ 40. Kh1 Qf3+ 41. Qxf3 exf3 42. h5 Bxg3 43. h6 Bh3 44. h7 f2 45. h8=Q
f1=R# 0-1

[Event "DEM U10 2016"]
[Site "Willingen GER"]
[Date "2016.05.20"]
[Round "10"]
[White "Sinnhöfer, Joshua"]
[Black "Feng, Felix"]
[Result "1-0"]
[Termination "normal"]
[Board "19"]
[WhiteElo "1308"]
[BlackElo "1100"]
[PlyCount "47"]
[WhiteFideId "16201361"]
[BlackFideId "16275179"]
[EventCountry "GER"]
[EventRounds "11"]
[EventType "swiss"]
[EventDate "2016.05.14"]

1. e4 c5 2. Nf3 Nc6 3. d4 cxd4 4. Nxd4 g6 5. c4 Bg7 6. Be3 Nf6 7. Nc3 d6 8. Be2
O-O 9. f3 Nxd4 10. Bxd4 Be6 11. Be3 a6 12. O-O Rc8 13. Nd5 Bxd5 14. cxd5 Nd7
15. Rb1 b5 16. a4 Rb8 17. axb5 axb5 18. Qd2 Qc7 19. Rfc1 Qb7 20. Rc6 Rfe8 21.
Rbc1 Red8 22. b3 b4 23. Rc7 Qa8 24. Ra7 1-0

[Event "DEM U10 2016"]
[Site "Willingen GER"]
[Date "2016.05.20"]
[Round "10"]
[White "Theile, Cedric"]
[Black "Amato, Cristiano"]
[Result "0-1"]
[Termination "normal"]
[Board "20"]
[WhiteElo "1287"]
[BlackElo "1187"]
[PlyCount "120"]
[WhiteFideId "16283228"]
[BlackFideId "12998460"]
[EventCountry "GER"]
[EventRounds "11"]
[EventType "swiss"]
[EventDate "2016.05.14"]

1. Nf3 Nf6 2. c4 c5 3. d3 Nc6 4. b3 g6 5. Bb2 Bg7 6. g3 O-O 7. Bg2 d6 8. O-O
Bf5 9. Re1 Re8 10. e3 Nb4 11. e4 Bd7 12. d4 cxd4 13. Bxd4 Nc6 14. Bb2 Qb6 15.
Nc3 Qa5 16. Nd5 Nxd5 17. Bxg7 Kxg7 18. exd5 Nb4 19. Qd2 Qb6 20. Qc3+ f6 21. a3
Na6 22. b4 Rac8 23. Rac1 Bb5 24. Bf1 Bd7 25. Ng5 h6 26. Ne6+ Bxe6 27. Rxe6 Qc7
28. Bd3 Rg8 29. Qd4 b6 30. Qg4 Kh7 31. Rce1 Rce8 32. c5 Nb8 33. Bb5 Nd7 34. c6
Ne5 35. Qe4 f5 36. Qh4 Nf3+ 37. Kf1 Nxh4 38. gxh4 g5 39. h5 g4 40. Kg2 Kg7 41.
Kg3 Rgf8 42. f4 Rf6 43. R6e3 Kf7 44. Kf2 e6 45. a4 e5 46. fxe5 Rxe5 47. Rxe5
dxe5 48. Bc4 Ke7 49. b5 Kd6 50. Ke3 f4+ 51. Kf2 Qe7 52. Bb3 e4 53. Bd1 e3+ 54.
Kg2 Qe4+ 55. Kg1 f3 56. Kf1 Qd3+ 57. Kg1 f2+ 58. Kg2 fxe1=N+ 59. Kg3 e2+ 60.
Kh4 Qh3# 0-1

[Event "DEM U10 2016"]
[Site "Willingen GER"]
[Date "2016.05.20"]
[Round "10"]
[White "Böhm, Karl"]
[Black "Frank, Marian"]
[Result "1-0"]
[Termination "normal"]
[Board "21"]
[WhiteElo "1260"]
[BlackElo "1101"]
[PlyCount "49"]
[WhiteFideId "16209800"]
[BlackFideId "16245059"]
[EventCountry "GER"]
[EventRounds "11"]
[EventType "swiss"]
[EventDate "2016.05.14"]

1. e4 e5 2. Nf3 Nc6 3. Bc4 Bc5 4. Nc3 Nf6 5. d3 h6 6. Be3 Bb6 7. O-O O-O 8. Qd2
Ng4 9. h3 Nxe3 10. fxe3 d6 11. Nd5 Bd7 12. Rf2 Ne7 13. Nxb6 axb6 14. Raf1 Bc6
15. Nh4 d5 16. exd5 Nxd5 17. Bxd5 Bxd5 18. Nf5 Kh7 19. e4 Be6 20. a3 Qd7 21.
Nxh6 gxh6 22. Rf6 Qd4+ 23. Kh1 Rh8 24. Rxh6+ Kg7 25. Qg5+ 1-0

[Event "DEM U10 2016"]
[Site "Willingen GER"]
[Date "2016.05.20"]
[Round "10"]
[White "Poschadel, Andreas Gregor"]
[Black "Hänselmann, Hendrik"]
[Result "1/2-1/2"]
[Termination "normal"]
[Board "22"]
[WhiteElo "1222"]
[BlackElo "1000"]
[PlyCount "52"]
[WhiteFideId "16204948"]
[BlackFideId "16232755"]
[EventCountry "GER"]
[EventRounds "11"]
[EventType "swiss"]
[EventDate "2016.05.14"]

1. e4 c6 2. d4 d5 3. e5 Bf5 4. Nf3 e6 5. Be2 Ne7 6. Bg5 Qb6 7. b3 Ng6 8. Nbd2
Bg4 9. h3 Bxf3 10. Nxf3 Bb4+ 11. Bd2 Bxd2+ 12. Qxd2 O-O 13. O-O c5 14. c3 Nc6
15. Rad1 cxd4 16. cxd4 Rac8 17. Rfe1 Rc7 18. Rc1 Rfc8 19. Red1 Qb4 20. Qe3 Nge7
21. Kh1 Nf5 22. Qd3 h6 23. Rd2 Qa3 24. Qb1 Nb4 25. Rxc7 Rxc7 26. Rb2 Qa5
1/2-1/2

[Event "DEM U10 2016"]
[Site "Willingen GER"]
[Date "2016.05.20"]
[Round "10"]
[White "Fuhrmann, Bahne"]
[Black "Langer, Paul Georg"]
[Result "1-0"]
[Termination "normal"]
[Board "23"]
[WhiteElo "1034"]
[BlackElo "1170"]
[PlyCount "79"]
[WhiteFideId "16244842"]
[BlackFideId "16230051"]
[EventCountry "GER"]
[EventRounds "11"]
[EventType "swiss"]
[EventDate "2016.05.14"]

1. e4 e5 2. Nf3 Nc6 3. Bc4 Bc5 4. c3 Nf6 5. d3 a6 6. Bb3 d6 7. O-O O-O 8. Nbd2
Be6 9. Bc2 h6 10. h3 Qd7 11. Re1 Qe7 12. Nf1 Nh5 13. Nxe5 dxe5 14. Qxh5 Qf6 15.
Qe2 Ne7 16. Be3 Bxe3 17. fxe3 Qg6 18. g4 h5 19. Nh2 f5 20. exf5 Bxf5 21. e4 Bd7
22. Qg2 hxg4 23. Nxg4 Bxg4 24. Bb3+ Kh7 25. Qxg4 Qxg4+ 26. hxg4 Rf4 27. Be6
Raf8 28. Kg2 Rf2+ 29. Kg3 Ng6 30. Rh1+ Nh4 31. Rxh4+ Kg6 32. Bf5+ R2xf5 33.
gxf5+ Kf6 34. Rg1 Rd8 35. Rd1 c5 36. Rg4 c4 37. Rg6+ Kf7 38. d4 exd4 39. Rxd4
Rxd4 40. cxd4 1-0

[Event "DEM U10 2016"]
[Site "Willingen GER"]
[Date "2016.05.20"]
[Round "10"]
[White "Amrhein, Dennis"]
[Black "Rapp, Leonard"]
[Result "0-1"]
[Termination "normal"]
[Board "24"]
[WhiteElo "1132"]
[BlackElo "1504"]
[PlyCount "94"]
[WhiteFideId "16254570"]
[BlackFideId "16212428"]
[EventCountry "GER"]
[EventRounds "11"]
[EventType "swiss"]
[EventDate "2016.05.14"]

1. d4 Nf6 2. Bf4 e6 3. e3 c5 4. c3 Nc6 5. Nf3 b6 6. Be2 Bb7 7. O-O Be7 8. Nbd2
cxd4 9. cxd4 O-O 10. Rc1 d6 11. h3 Rc8 12. Nb3 Qd7 13. Re1 Nb8 14. Qd2 Rxc1 15.
Rxc1 Nc6 16. Bd3 Rc8 17. Bg3 a5 18. e4 Nb4 19. Rxc8+ Qxc8 20. e5 dxe5 21. dxe5
Nfd5 22. Be4 Nxa2 23. Qd3 g6 24. Qb5 Nab4 25. Kh2 Ba6 26. Qa4 f5 27. Bxd5 Nxd5
28. Nfd4 g5 29. Nf3 f4 30. Nbd2 fxg3+ 31. Kxg3 Bb4 32. Ne4 h6 33. Qa2 Qc4 34.
Qb1 Qd3 35. Nf6+ Nxf6 36. Qxd3 Bxd3 37. exf6 Kf7 38. Ne5+ Kxf6 39. Nxd3 Bd6+
40. Kg4 Kg6 41. h4 h5+ 42. Kf3 gxh4 43. g3 hxg3 44. Kg2 gxf2 45. Nxf2 a4 46.
Ne4 Be5 47. Nc3 Bxc3 0-1

[Event "DEM U10 2016"]
[Site "Willingen GER"]
[Date "2016.05.20"]
[Round "10"]
[White "Sallandt, Frido"]
[Black "Richter, Gerrit"]
[Result "1/2-1/2"]
[Termination "normal"]
[Board "25"]
[WhiteElo "1080"]
[BlackElo "1561"]
[PlyCount "44"]
[WhiteFideId "16231767"]
[BlackFideId "12990825"]
[EventCountry "GER"]
[EventRounds "11"]
[EventType "swiss"]
[EventDate "2016.05.14"]

1. e4 e6 2. d4 d5 3. exd5 exd5 4. Bd3 Nf6 5. Bf4 Bd6 6. Ne2 O-O 7. Qd2 c5 8. c3
Nc6 9. O-O Re8 10. Bxd6 Qxd6 11. dxc5 Qxc5 12. Ng3 d4 13. Re1 Be6 14. Rf1 Rad8
15. Bc2 Bc4 16. Re1 d3 17. Rxe8+ Rxe8 18. Bxd3 Bxd3 19. Qxd3 Nh5 20. Nd2 Nf4
21. Qf1 Qd5 22. Nf3 Ne5 1/2-1/2

[Event "DEM U10 2016"]
[Site "Willingen GER"]
[Date "2016.05.20"]
[Round "10"]
[White "Wellßow, Keoki"]
[Black "Chassard, Cedric"]
[Result "1-0"]
[Termination "normal"]
[Board "26"]
[WhiteElo "975"]
[BlackElo "833"]
[PlyCount "73"]
[WhiteFideId "16251075"]
[BlackFideId "16243536"]
[EventCountry "GER"]
[EventRounds "11"]
[EventType "swiss"]
[EventDate "2016.05.14"]

1. e4 e5 2. Nf3 Nc6 3. Nc3 Nf6 4. Bb5 Bc5 5. Nxe5 Nxe5 6. d4 Bd6 7. dxe5 Bxe5
8. O-O c6 9. Be2 d5 10. f3 O-O 11. Bg5 dxe4 12. fxe4 Bd4+ 13. Kh1 Qd6 14. Bxf6
gxf6 15. Bh5 Kh8 16. Qd2 Qe5 17. Rad1 Bxc3 18. bxc3 Qxh5 19. Rxf6 Bg4 20. Qd4
Kg8 21. Rdf1 Rad8 22. Qxa7 Bc8 23. Qg1 Qe2 24. h3 Qxc2 25. Kh2 Qxe4 26. Qf2
Qe5+ 27. Kh1 Be6 28. Qh4 Bxa2 29. Rh6 Qg7 30. Rf3 Rd1+ 31. Kh2 Qe5+ 32. Rg3+
Qxg3+ 33. Kxg3 Rd3+ 34. Kh2 Rxc3 35. Rxh7 Rc4 36. Rh8+ Kg7 37. Qh6# 1-0

[Event "DEM U10 2016"]
[Site "Willingen GER"]
[Date "2016.05.20"]
[Round "10"]
[White "Laube, Jannis"]
[Black "Lenz, Joshua"]
[Result "0-1"]
[Termination "normal"]
[Board "27"]
[WhiteElo "1495"]
[BlackElo "1086"]
[PlyCount "74"]
[WhiteFideId "16205995"]
[BlackFideId "16256956"]
[EventCountry "GER"]
[EventRounds "11"]
[EventType "swiss"]
[EventDate "2016.05.14"]

1. e4 e6 2. Nf3 d5 3. exd5 exd5 4. d4 Bd6 5. Qe2+ Qe7 6. Qxe7+ Nxe7 7. Nc3 c6
8. Bg5 f6 9. Be3 Bf5 10. h3 Bxc2 11. g3 Nd7 12. Bb5 cxb5 13. Nxb5 Bb4+ 14. Bd2
Bxd2+ 15. Kxd2 Be4 16. Ke3 O-O 17. Rhc1 Bxf3 18. Kxf3 a6 19. Nc7 Rac8 20. Ne6
Rxc1 21. Rxc1 Rc8 22. Rxc8+ Nxc8 23. g4 Ncb6 24. Nc7 Nb8 25. Kf4 Kf7 26. g5
fxg5+ 27. Kxg5 Nc6 28. f4 Nxd4 29. h4 Ne6+ 30. Nxe6 Kxe6 31. f5+ Kf7 32. h5 d4
33. h6 d3 34. hxg7 Kxg7 35. f6+ Kf7 36. Kh6 d2 37. Kxh7 d1=Q 0-1